| 000 | 00498nam a2200145 a 4500 | ||
|---|---|---|---|
| 001 | 000020539 | ||
| 005 | 20200930011126.0 | ||
| 008 | 110707s199u dr 000 0 spa d | ||
| 040 |
_aDO-SdBNP _bspa _cBNPHU |
||
| 082 |
_axxxx _bxxxx |
||
| 245 | 0 | 0 | _aFree trade zones in the Dominican Republic /. |
| 260 |
_aSanto Domingo : _bSecretarÃa de Estado de Industria y Comercio, _bConsejo Nacional de Zonas Francas de Exportación, _c[199-']. |
||
| 300 |
_a19 p. ; _c21 cm. |
||
| 590 | _aInventariado, 2019/ YL | ||
| 999 |
_c20043 _d20043 |
||